Diario abierto de un militar constitucionalista : (Record no. 105859)

MARC details
000 -LEADER
campo de control de longitud fija 01010nam a2200301 i 4500
001 - NÚMERO DE CONTROL
campo de control 105859
003 - IDENTIFICADOR DE NÚMERO DE CONTROL
campo de control ES-MaACL
005 - FECHA Y HORA DE LA ÚLTIMA TRANSACCIÓN
campo de control 20230906184008.0
007 - CAMPO FIJO DE DESCRIPCIÓN FÍSICA--INFORMACIÓN GENERAL
campo de control de longitud fija t|
008 - DATOS DE LONGITUD FIJA--INFORMACIÓN GENERAL
campo de control de longitud fija 060904s1981 sp ||||1| spa d
020 ## - NÚMERO INTERNACIONAL ESTÁNDAR DEL LIBRO
Número Internacional Estándar del Libro 84-7366-139-7
080 ## - NÚMERO DE LA CLASIFICACIÓN DECIMAL UNIVERSAL
Número de la Clasificación Decimal Universal 32(46)"1981"
080 ## - NÚMERO DE LA CLASIFICACIÓN DECIMAL UNIVERSAL
Número de la Clasificación Decimal Universal 355(46)
080 ## - NÚMERO DE LA CLASIFICACIÓN DECIMAL UNIVERSAL
Número de la Clasificación Decimal Universal 929 Pitarch, José Luis:32
100 1# - ENTRADA PRINCIPAL--NOMBRE DE PERSONA
Nombre de persona Pitarch, José Luis.
9 (RLIN) 92406
245 10 - MENCIÓN DEL TÍTULO
Título Diario abierto de un militar constitucionalista :
Resto del título (primavera de 1981) /
Mención de responsabilidad, etc. José Luis Pitarch ; prólogo de Antonio de Senillosa.
260 ## - PUBLICACIÓN, DISTRIBUCIÓN, ETC.
Lugar de publicación, distribución, etc. Valencia :
Nombre del editor, distribuidor, etc. Fernando Torres,
Fecha de publicación, distribución, etc. [1981]
300 ## - DESCRIPCIÓN FÍSICA
Extensión 250 p. ;
Dimensiones 19 cm.
490 1# - MENCIÓN DE SERIE
Mención de serie Debates y testimonio ;
Designación de volumen o secuencia 1
650 14 - PUNTO DE ACCESO ADICIONAL DE MATERIA--TÉRMINO DE MATERIA
Término de materia o nombre geográfico como elemento de entrada Militares-
Subdivisión general España.
9 (RLIN) 15043
651 #4 - PUNTO DE ACCESO ADICIONAL DE MATERIA--NOMBRE GEOGRÁFICO
Nombre geográfico España-
Subdivisión general Historia-
Subdivisión cronológica 1981, Golpe de Estado.
9 (RLIN) 8339
700 1# - ENTRADA AGREGADA--NOMBRE PERSONAL
Nombre de persona Senillosa, Antonio de.
9 (RLIN) 105469
830 1# - PUNTO DE ACCESO ADICIONAL DE SERIE-TÍTULO UNIFORME
Título uniforme Debates y testimonio ;
Designación de volumen o secuencia 1
9 (RLIN) 232779
852 4# - LOCALIZACIÓN
Ubicación ES-MaACL
Número de control de estantería AND-680
Nota libre - Biblioteca Juan Andrade
852 4# - LOCALIZACIÓN
Ubicación ES-MaACL
Número de control de estantería L-1703
852 4# - LOCALIZACIÓN
Ubicación ES-MaACL
Número de control de estantería L-2137
Holdings
Estatus retirado Estado de pérdida Estado de daño No para préstamo Biblioteca de origen Biblioteca actual Ubicación en estantería Fecha de adquisición Fuente de adquisición Total de préstamos Signatura topográfica completa Código de barras Visto por última vez Precio de reemplazo Tipo de ítem Koha
        Biblioteca del Ateneo de Madrid Biblioteca del Ateneo de Madrid Depósito 2 01/08/2013     L-2137 1191590 23/02/2023 23/02/2023 Libro impreso
        Biblioteca del Ateneo de Madrid Biblioteca del Ateneo de Madrid Depósito 2 17/01/2008     AND-680 1110518 23/02/2023 23/02/2023 Libro impreso
        Biblioteca del Ateneo de Madrid Biblioteca del Ateneo de Madrid Depósito 2 01/08/2013     L-1703 1191589 23/02/2023 23/02/2023 Libro impreso